ბათუმის შოთა რუსთაველის სახელმწიფო უნივერსიტეტის ბიბლიოთეკა

Plant Systematics An integrated Approach / (ბიბ.ჩანაწერი № 35533)

000 -LEADER
fixed length control field 00645nam a2200229Ia 4500
001 - CONTROL NUMBER
control field 1394
003 - CONTROL NUMBER IDENTIFIER
control field GE_BSU
005 - DATE AND TIME OF LATEST TRANSACTION
control field 20250624153116.0
008 - FIXED-LENGTH DATA ELEMENTS--GENERAL INFORMATION
fixed length control field 181216s2004||||enk|||||||||||||| ||eng||
020 ## - INTERNATIONAL STANDARD BOOK NUMBER
International Standard Book Number 1578083516x
040 ## - CATALOGING SOURCE
Transcribing agency GE_BSU
041 ## - LANGUAGE CODE
Language code of text/sound track or separate title eng
080 ## - UNIVERSAL DECIMAL CLASSIFICATION NUMBER
Universal Decimal Classification number 582 S-62
100 ## - MAIN ENTRY--PERSONAL NAME
Personal name Singh, Gurcharan.
9 (RLIN) 15820
245 ## - TITLE STATEMENT
Title Plant Systematics An integrated Approach /
Statement of responsibility, etc. Gurcharan Singh.
264 ## - PRODUCTION, PUBLICATION, DISTRIBUTION, MANUFACTURE, AND COPYRIGHT NOTICE
Date of production, publication, distribution, manufacture, or copyright notice London:
Place of production, publication, distribution, manufacture Science Publishers,U.S.
Name of producer, publisher, distributor, manufacturer 2004.
300 ## - PHYSICAL DESCRIPTION
Extent 561 p.
653 ## - INDEX TERM--UNCONTROLLED
keyword Plant Systematics.
653 ## - INDEX TERM--UNCONTROLLED
keyword მცენარეთა სისტემატიკა
653 ## - INDEX TERM--UNCONTROLLED
keyword ბიოლოგია
942 ## - ADDED ENTRY ELEMENTS (KOHA)
Koha item type წიგნი
Source of classification or shelving scheme
ეგზემპლარები
Withdrawn status Lost status Source of classification or shelving scheme Damaged status Not for loan Permanent Location Current Location Shelving location Date acquired Cost, normal purchase price Full call number Barcode Date last seen Copy number Price effective from Koha item type Public note
          ბათუმის შოთა რუსთაველის სახელმწიფო უნივერსიტეტის მთავარი ბიბლიოთეკა ბათუმის შოთა რუსთაველის სახელმწიფო უნივერსიტეტის მთავარი ბიბლიოთეკა წიგნსაცავი 2018-12-17 260.00 582 S-62 2574 2018-12-17 2574 2018-12-17 წიგნი 260 ლ.